Normal view
MARC view
- Rohit
Entry Personal Name
001 - CONTROL NUMBER
- control field: 7240
003 - CONTROL NUMBER IDENTIFIER
- control field: OSt
005 - DATE AND TIME OF LATEST TRANSACTION
- control field: 20190531102941.0
008 - FIXED-LENGTH DATA ELEMENTS
- fixed length control field: 190531|| aca||aabn | a|a d
040 ## - CATALOGING SOURCE
- Original cataloging agency: OSt
- Transcribing agency: OSt
100 ## - HEADING--PERSONAL NAME
- Personal name: Rohit
670 ## - SOURCE DATA FOUND
- Source citation: Work cat.: (OSt): Rohit, CBSE Mathematics Sample Papers-X